000
00271nam a22001217a 4500
008
180206b xxu||||| |||| 00| 0 eng d
041
_a
eng
080
_a
658
100
_a
53
101
_a
MAN
245
_a
OUTDOOR DEVELOPMENT FOR MANAGERS
_c
JOHN.B
942
_2
udc
_c
BK
999
_c
41950
_d
41950